| 000 | 00543nam a2200193Ia 4500 | ||
|---|---|---|---|
| 005 | 20260120124627.0 | ||
| 008 | 008 260114s9999 xx 000 0 eng d | ||
| 020 | _a9780762311644 | ||
| 037 | _aEBOOK | ||
| 040 |
_aCRL _beng _cCRL |
||
| 041 |
_aeng _2eng |
||
| 084 | _qCRL | ||
| 245 | 2 | _aA Research Annual | |
| 260 |
_bEmerald Publishing _c2005 |
||
| 700 |
_aWarren J. Samuels _9908559 |
||
| 856 | _uhttps://www.emerald.com/insight/publication/doi/10.1016/S0743-4154(2005)23_Part_1 | ||
| 942 | _cEBOOK | ||
| 999 |
_c1500456 _d1500456 |
||